[Event "Skalica op-B"]
[Site "Skalica"]
[Date "2023.08.24"]
[Round "6"]
[White "Smidova, Michaela"]
[Black "Benci, Jozef"]
[Result "0-1"]
[WhiteElo "1650"]
[BlackElo "1874"]
[PlyCount "78"]
[EventDate "2023.08.19"]
[EventType "swiss"]
[EventRounds "9"]
[EventCountry "SVK"]
[SourceTitle "CBM 215 Extra"]
[Source "ChessBase"]
[SourceDate "2023.09.30"]
[SourceVersion "1"]
[SourceVersionDate "2023.09.30"]
[SourceQuality "1"]

1. e4 c5 2. Nf3 d6 3. d4 cxd4 4. Nxd4 Nf6 5. Nc3 a6 6. Be3 e5 7. Nb3 Ng4 8. Qf3 Nxe3 9. fxe3 Be6 10. 0-0-0 Nd7 11. Be2 Be7 12. g4 Qc7 13. Nd5 Bxd5 14. Rxd5 Rf8 15. Kb1 0-0-0 16. Rc1 Kb8 17. c4 g6 18. Bd3 h5 19. gxh5 Nf6 20. Ra5 Nxh5 21. Qe2 Qc6 22. Ka1 Nf6 23. c5 dxc5 24. Bxa6 b6 25. Bb5 Qb7 26. Ba6 Qxe4 27. Qb5 Qb4 28. Qc6 bxa5 29. Nxa5 Rd6 30. a3 Qb6 31. Qa4 Qxa6 32. Rc3 Rb6 33. b4 Qf1+ 34. Ka2 Qe2+ 35. Rc2 Qb5 36. Qb3 cxb4 37. Nc4 Ra6 38. Rd2 Qa4 39. Qb2 b3+ 0-1

[Event "SVK-chT1W 2223"]
[Site "Slovakia"]
[Date "2022.12.04"]
[Round "6.8"]
[White "Mizicka, Matus"]
[Black "Smidova, Michaela"]
[Result "1/2-1/2"]
[WhiteElo "1982"]
[BlackElo "1639"]
[PlyCount "104"]
[EventDate "2022.10.15"]
[EventType "team-tourn"]
[EventRounds "11"]
[EventCountry "SVK"]
[SourceTitle "EXT 2024"]
[Source "ChessBase"]
[SourceDate "2023.10.10"]
[SourceVersion "1"]
[SourceVersionDate "2023.10.10"]
[SourceQuality "1"]
[WhiteTeam "Nitra NSK"]
[BlackTeam "Bratislava KSN"]
[WhiteTeamCountry "SVK"]
[BlackTeamCountry "SVK"]

1. e4 e5 2. Nc3 Nf6 3. f4 d6 4. Nf3 Nc6 5. Bb5 Qe7 6. 0-0 Bd7 7. d3 h6 8. Nd5 Nxd5 9. exd5 Nb4 10. Bc4 0-0-0 11. a3 Na6 12. Bxa6 bxa6 13. Qe1 Kb8 14. Qb4+ Ka8 15. fxe5 dxe5 16. Qxe7 Bxe7 17. Nxe5 Bc5+ 18. Kh1 Bc8 19. c4 Rde8 20. Nc6 Re2 21. b4 Bf2 22. Bf4 Kb7 23. h3 Rhe8 24. Kh2 g5 25. Bg3 Bxg3+ 26. Kxg3 f5 27. Rab1 R8e3+ 28. Kh2 f4 29. Kg1 Bxh3 30. Rf2 Rxf2 31. Kxf2 Bf5 32. b5 a5 33. Nxa5+ Kb6 34. Nc6 Bxd3 35. Rc1 Re2+ 36. Kg1 Rc2 37. Re1 Bxc4 38. Nb4 Re2 39. Rd1 Bxb5 40. d6 cxd6 41. Rxd6+ Ka5 42. Rxh6 Re1+ 43. Kh2 g4 44. Rd6 Be2 45. g3 f3 46. Rf6 Bf1 47. Kg1 Be2+ 48. Kf2 Ra1 49. Rf5+ Ka4 50. Rf4 Kb3 51. Rxg4 Rxa3 52. Nc6 a5 1/2-1/2

[Event "Skalica op-B"]
[Site "Skalica"]
[Date "2022.08.25"]
[Round "6"]
[White "Smidova, Michaela"]
[Black "Paracka, Patrik"]
[Result "1-0"]
[WhiteElo "1656"]
[BlackElo "1340"]
[PlyCount "71"]
[EventDate "2022.08.20"]
[EventType "swiss"]
[EventRounds "9"]
[EventCountry "SVK"]
[SourceTitle "CBM 209 Extra"]
[Source "ChessBase"]
[SourceDate "2022.09.30"]
[SourceVersion "1"]
[SourceVersionDate "2022.09.30"]
[SourceQuality "1"]

1. e4 c6 2. d4 d5 3. Nc3 dxe4 4. Nxe4 Bf5 5. Ng3 Bg6 6. h4 h6 7. h5 Bh7 8. Bc4 e6 9. Nf3 Nd7 10. Bf4 Ngf6 11. Qe2 Nd5 12. Bd2 Be7 13. c3 Qc7 14. b4 a5 15. b5 N7b6 16. Ne5 Bf6 17. f4 Bxe5 18. fxe5 Qe7 19. a4 Qd7 20. Bd3 Bxd3 21. Qxd3 cxb5 22. axb5 Qc7 23. Ne4 Nc4 24. Qxc4 Qd7 25. Nd6+ Ke7 26. 0-0 f6 27. exf6+ gxf6 28. Ne4 Rhg8 29. Qe2 e5 30. c4 Nf4 31. Bxf4 Qxd4+ 32. Qe3 Rxg2+ 33. Kxg2 Rg8+ 34. Kh1 Qb2 35. Qd2 Qb3 36. Qd6+ 1-0

[Event "Skalica op-B"]
[Site "Skalica"]
[Date "2022.08.21"]
[Round "2"]
[White "Smidova, Michaela"]
[Black "Hrubsa, Marian"]
[Result "0-1"]
[WhiteElo "1656"]
[BlackElo "1777"]
[PlyCount "150"]
[EventDate "2022.08.20"]
[EventType "swiss"]
[EventRounds "9"]
[EventCountry "SVK"]
[SourceTitle "CBM 209 Extra"]
[Source "ChessBase"]
[SourceDate "2022.09.30"]
[SourceVersion "1"]
[SourceVersionDate "2022.09.30"]
[SourceQuality "1"]

1. e4 e6 2. d4 d5 3. Nc3 Nf6 4. Bg5 Be7 5. e5 Nfd7 6. h4 Bxg5 7. hxg5 Qxg5 8. Qd3 h6 9. Nf3 Qe7 10. Qe3 Nb6 11. 0-0-0 Nc6 12. g4 Bd7 13. g5 h5 14. g6 0-0-0 15. gxf7 Qxf7 16. Ng5 Qe7 17. Be2 g6 18. Bd3 Rdf8 19. Rdg1 Rhg8 20. a3 Na5 21. Ne2 Nac4 22. Bxc4 Nxc4 23. Qg3 Kb8 24. f4 Bc8 25. Qd3 Qd7 26. Qb3 b6 27. Rh4 Ba6 28. Rg2 Na5 29. Qb4 Rc8 30. b3 c5 31. dxc5 Rxc5 32. Nd4 Nc6 33. Qa4 b5 34. Qxa6 Nxd4 35. Qd6+ Qxd6 36. exd6 Rc6 37. Nf7 Nf5 38. Rxh5 Nxd6 39. Nxd6 Rxd6 40. Rhg5 Rf8 41. Rxg6 Rxf4 42. Kd2 Rf7 43. Re2 Re7 44. Re5 Kc7 45. Kc3 Rc6+ 46. Kb2 Kd6 47. Re2 d4 48. Kc1 Kd5 49. Kd2 Rc3 50. Rg8 Rc6 51. Rd8+ Rd6 52. Rb8 a6 53. Rc8 e5 54. c3 e4 55. cxd4 Kxd4 56. Rc3 Red7 57. Kc2 Ke5 58. Rce3 Rd4 59. Rh3 Kf4 60. Rf2+ Kg4 61. Re3 Rc7+ 62. Kb2 Rcd7 63. Rfe2 Kf4 64. Rh3 Rd2+ 65. Rxd2 Rxd2+ 66. Kc3 Rd6 67. Rh8 e3 68. Rf8+ Ke4 69. Re8+ Kf3 70. Rf8+ Ke2 71. Re8 Kf2 72. Rf8+ Ke1 73. Re8 e2 74. Kc2 Rd2+ 75. Kc1 Ra2 0-1

[Event "EU-ch Hybrid U18 Girls"]
[Site "Tornelo INT"]
[Date "2021.10.15"]
[Round "7"]
[White "Levitan, Ronit"]
[Black "Smidova, Michaela"]
[Result "1-0"]
[WhiteElo "2171"]
[BlackElo "1622"]
[PlyCount "43"]
[EventDate "2021.10.15"]
[EventType "swiss"]
[EventRounds "9"]
[EventCountry "NET"]
[SourceTitle "EXT 2023"]
[Source "ChessBase"]
[SourceDate "2022.10.05"]
[SourceVersion "1"]
[SourceVersionDate "2022.10.05"]
[SourceQuality "1"]
[WhiteTeam "Israel"]
[BlackTeam "Slovakia"]
[WhiteTeamCountry "ISR"]
[BlackTeamCountry "SVK"]

1. e4 e5 2. Nf3 Nc6 3. Bc4 Bc5 4. c3 d6 5. d4 exd4 6. cxd4 Bb4+ 7. Bd2 Bxd2+ 8. Qxd2 Nf6 9. Nc3 0-0 10. 0-0 Re8 11. Rfe1 Re7 12. Qf4 Qe8 13. e5 dxe5 14. dxe5 Nh5 15. Qh4 g6 16. Nd5 Be6 17. Nxe7+ Nxe7 18. Bxe6 fxe6 19. g4 Qf7 20. Ng5 Nf5 21. Qxh5 gxh5 22. Nxf7 1-0

[Event "SVK Club Cup"]
[Site "Kremnica"]
[Date "2021.09.16"]
[Round "3.16"]
[White "Suchansky, Jakub"]
[Black "Smidova, Michaela"]
[Result "1-0"]
[WhiteElo "1968"]
[BlackElo "1630"]
[PlyCount "89"]
[EventDate "2021.09.15"]
[EventType "team-tourn"]
[EventRounds "7"]
[EventCountry "SVK"]
[SourceTitle "CBM 204 Extra"]
[Source "ChessBase"]
[SourceDate "2021.11.30"]
[SourceVersion "1"]
[SourceVersionDate "2021.11.30"]
[SourceQuality "1"]
[WhiteTeam "Levice"]
[BlackTeam "Bratislava KSN"]
[WhiteTeamCountry "SVK"]
[BlackTeamCountry "SVK"]

1. d4 f5 2. Nf3 Nf6 3. c4 d6 4. g3 g6 5. Bg2 Bg7 6. 0-0 0-0 7. b3 Nc6 8. Bb2 Nd7 9. Ng5 Nb6 10. h4 e5 11. d5 Ne7 12. a4 a5 13. e4 h6 14. Nf3 Nd7 15. Nc3 Nc5 16. Ne1 f4 17. Nd3 Nxd3 18. Qxd3 Bg4 19. Rac1 Qd7 20. f3 Bh3 21. g4 Bxg2 22. Kxg2 h5 23. g5 Kh7 24. Nb5 b6 25. Bc3 Rfb8 26. Ra1 Rd8 27. Rf2 Bf8 28. Rfa2 c6 29. dxc6 Nxc6 30. Rd2 Ne7 31. Bxe5 Nc6 32. Bxf4 Qf7 33. Bg3 Bg7 34. Rad1 Ne5 35. Qe3 Rf8 36. Rf2 Qe7 37. Rxd6 Rf7 38. Rd5 Raf8 39. Nd4 Nd7 40. Bd6 Bxd4 41. Qxd4 Qe6 42. Bxf8 Nxf8 43. Qe5 Qc6 44. f4 Qc8 45. f5 1-0

[Event "SVK-ch U20 Girls rapid"]
[Site "Nitra"]
[Date "2021.09.11"]
[Round "5"]
[White "Jancovicova, Petra"]
[Black "Smidova, Michaela"]
[Result "1-0"]
[WhiteElo "1334"]
[BlackElo "1254"]
[PlyCount "73"]
[EventDate "2021.09.11"]
[EventType "swiss (rapid)"]
[EventRounds "7"]
[EventCountry "SVK"]
[SourceTitle "EXT 2023"]
[Source "ChessBase"]
[SourceDate "2022.10.05"]
[SourceVersion "1"]
[SourceVersionDate "2022.10.05"]
[SourceQuality "1"]

1. e4 e5 2. Nf3 Nc6 3. Bc4 Be7 4. c3 Nf6 5. d3 d6 6. 0-0 0-0 7. Re1 Bg4 8. Nbd2 Kh8 9. Nf1 Nd7 10. Ng3 f5 11. exf5 Bxf5 12. Nxf5 Rxf5 13. d4 Qf8 14. Be6 Nb6 15. Bxf5 Qxf5 16. dxe5 dxe5 17. Qe2 Bd6 18. Qe4 Qh5 19. b4 Nd7 20. b5 Ne7 21. Bg5 Nc5 22. Qh4 Qf7 23. Nxe5 Bxe5 24. Rxe5 Ng6 25. Qg3 Nxe5 26. Qxe5 Ne6 27. Be3 Rd8 28. h3 Nf8 29. Re1 Ng6 30. Qe4 Qd7 31. Bxa7 b6 32. Qc6 Qxc6 33. bxc6 Ra8 34. Rd1 Kg8 35. Bxb6 cxb6 36. c7 Ne7 37. Rd8+ 1-0

[Event "SVK-ch U20 Girls rapid"]
[Site "Nitra"]
[Date "2021.09.11"]
[Round "2"]
[White "Smidova, Michaela"]
[Black "Sankova, Stella"]
[Result "0-1"]
[WhiteElo "1254"]
[BlackElo "1872"]
[PlyCount "54"]
[EventDate "2021.09.11"]
[EventType "swiss (rapid)"]
[EventRounds "7"]
[EventCountry "SVK"]
[SourceTitle "EXT 2023"]
[Source "ChessBase"]
[SourceDate "2022.10.05"]
[SourceVersion "1"]
[SourceVersionDate "2022.10.05"]
[SourceQuality "1"]

1. e4 c5 2. Nf3 e6 3. d4 cxd4 4. Nxd4 Nf6 5. Nc3 Nc6 6. Nb3 Bb4 7. f3 d5 8. Bd2 0-0 9. a3 Bd6 10. Qe2 a6 11. g4 dxe4 12. Nxe4 Nxe4 13. Qxe4 Qh4+ 14. Kd1 Rd8 15. Bd3 g6 16. Be1 Qe7 17. h4 Ne5 18. h5 Bd7 19. Nd4 Nxd3 20. cxd3 e5 21. Bh4 f6 22. hxg6 exd4 23. Qxd4 Be5 24. Bxf6 Bxf6 25. Qc4+ Be6 26. gxh7+ Kh8 27. Kd2 Bxc4 0-1

[Event "SVK-ch U20 Girls rapid"]
[Site "Nitra"]
[Date "2021.09.11"]
[Round "1"]
[White "Smidova, Michaela"]
[Black "Walterova, Ema"]
[Result "1-0"]
[WhiteElo "1254"]
[BlackElo "1698"]
[PlyCount "82"]
[EventDate "2021.09.11"]
[EventType "swiss (rapid)"]
[EventRounds "7"]
[EventCountry "SVK"]
[SourceTitle "EXT 2023"]
[Source "ChessBase"]
[SourceDate "2022.10.05"]
[SourceVersion "1"]
[SourceVersionDate "2022.10.05"]
[SourceQuality "1"]

1. e4 e5 2. Nf3 Nc6 3. Bb5 Nge7 4. d3 Ng6 5. Nbd2 a6 6. Ba4 Bc5 7. c3 d5 8. h3 0-0 9. exd5 Qxd5 10. Ne4 Ba7 11. Bg5 Bf5 12. Bb3 Qd7 13. 0-0 Kh8 14. Qe2 f6 15. Be3 Be6 16. Bc2 Qe7 17. Bxa7 Nxa7 18. d4 Nf4 19. Qe3 Nd5 20. Qe2 Nc6 21. Nc5 Bc8 22. Qe4 f5 23. Qxd5 exd4 24. Nxd4 Nd8 25. Rfe1 Qg5 26. Qf3 Nf7 27. Nce6 Qd2 28. Bxf5 Rg8 29. Qh5 Nh6 30. Nf3 Qd6 31. Nfg5 Bxe6 32. Nxe6 Rae8 33. Ng5 Ref8 34. Bxh7 Qf4 35. f3 Qf6 36. Be4 Qb6+ 37. Kh1 Qxb2 38. Nf7+ Rxf7 39. Qg6 Nf5 40. Bxf5 Rxf5 41. Qxf5 Qxc3 1-0

[Event "Skalica op-B"]
[Site "Skalica"]
[Date "2021.08.28"]
[Round "8"]
[White "Palka, Miroslav"]
[Black "Smidova, Michaela"]
[Result "1-0"]
[WhiteElo "1846"]
[BlackElo "1590"]
[PlyCount "111"]
[EventDate "2021.08.21"]
[EventType "swiss"]
[EventRounds "9"]
[EventCountry "SVK"]
[SourceTitle "CBM 204 Extra"]
[Source "ChessBase"]
[SourceDate "2021.11.30"]
[SourceVersion "1"]
[SourceVersionDate "2021.11.30"]
[SourceQuality "1"]

1. d4 f5 2. g3 Nf6 3. Bg2 d6 4. Nf3 g6 5. 0-0 Bg7 6. c4 0-0 7. Nc3 Nc6 8. b3 Nh5 9. e3 a6 10. Bb2 Kh8 11. Qc2 Qe8 12. Nd5 Qd8 13. Rad1 e6 14. Nf4 Qf6 15. Nd3 Qe7 16. Nf4 Nf6 17. d5 exd5 18. Nxd5 Nxd5 19. Bxg7+ Qxg7 20. cxd5 Ne5 21. Nd4 g5 22. Rc1 Rf7 23. Ne6 Qh6 24. Nxc7 f4 25. exf4 gxf4 26. f3 fxg3 27. hxg3 Bf5 28. Qc3 Raf8 29. f4 Rxc7 30. Qxc7 Ng4 31. Qc3+ Kg8 32. Rfe1 Qh2+ 33. Kf1 Rc8 34. Qf3 Rxc1 35. Rxc1 Qh5 36. Ke2 Qe8+ 37. Kd2 Qb5 38. Qc3 Qb6 39. Re1 h5 40. Re2 Kf7 41. Bh3 Qb5 42. Bxg4 Qxd5+ 43. Kc1 Bxg4 44. Rd2 Qh1+ 45. Kb2 Ke6 46. Qe3+ Kd7 47. Qd4 Qc6 48. Qg7+ Kd8 49. Qf8+ Kd7 50. Qf7+ Kd8 51. f5 Qc5 52. Qg8+ Ke7 53. Qe6+ Kf8 54. Qxd6+ Qxd6 55. Rxd6 Ke7 56. Rh6 1-0

[Event "Skalica op-B"]
[Site "Skalica"]
[Date "2021.08.26"]
[Round "6"]
[White "Fizerova, Lucie"]
[Black "Smidova, Michaela"]
[Result "1-0"]
[WhiteElo "1700"]
[BlackElo "1590"]
[PlyCount "79"]
[EventDate "2021.08.21"]
[EventType "swiss"]
[EventRounds "9"]
[EventCountry "SVK"]
[SourceTitle "CBM 204 Extra"]
[Source "ChessBase"]
[SourceDate "2021.11.30"]
[SourceVersion "1"]
[SourceVersionDate "2021.11.30"]
[SourceQuality "1"]

1. c4 c5 2. Nc3 Nc6 3. g3 g6 4. Bg2 Bg7 5. e4 d6 6. Nge2 h5 7. h4 a6 8. d3 Rb8 9. a4 Nf6 10. Bg5 0-0 11. Qd2 Ng4 12. 0-0 Be6 13. f3 Nge5 14. f4 Ng4 15. f5 Bd7 16. Bh3 Nce5 17. Nd5 f6 18. Be3 e6 19. fxe6 Bxe6 20. Nef4 Bf7 21. Bxg4 Nxg4 22. Rab1 g5 23. hxg5 fxg5 24. Ne2 Nxe3 25. Nxe3 Be5 26. Nf5 Qf6 27. b3 Be8 28. Ne3 Qg6 29. Rxf8+ Kxf8 30. Rf1+ Kg8 31. Nd5 Qg7 32. Rf5 Bg6 33. Rxg5 Bd4+ 34. Kg2 Rf8 35. Rxg6 Rf2+ 36. Kh3 Qxg6 37. Ne7+ Kg7 38. Nxg6 Kxg6 39. Nf4+ Kh7 40. Qd1 1-0

[Event "SVK-ch U16/20 Girls"]
[Site "Stara Lubovna"]
[Date "2021.06.30"]
[Round "6"]
[White "Striskova, Lucia"]
[Black "Smidova, Michaela"]
[Result "1-0"]
[WhiteElo "1775"]
[BlackElo "1534"]
[PlyCount "58"]
[EventDate "2021.06.26"]
[EventType "swiss"]
[EventRounds "9"]
[EventCountry "SVK"]
[SourceTitle "CBM 203 Extra"]
[Source "ChessBase"]
[SourceDate "2021.09.30"]
[SourceVersion "1"]
[SourceVersionDate "2021.09.30"]
[SourceQuality "1"]

1. Nf3 Nf6 2. g3 g6 3. Bg2 Bg7 4. 0-0 0-0 5. d4 d5 6. c4 c6 7. Nc3 Nbd7 8. b3 a5 9. c5 Re8 10. Na4 b6 11. cxb6 Nxb6 12. Nc5 Nbd7 13. Ba3 Nxc5 14. Bxc5 Nd7 15. Rc1 e5 16. Nxe5 Nxe5 17. dxe5 Bxe5 18. e3 Ba6 19. Re1 a4 20. bxa4 Bc4 21. Bb4 Qb6 22. a3 Qa6 23. e4 Qxa4 24. Qxa4 Rxa4 25. exd5 cxd5 26. Bc3 f6 27. f4 d4 28. Bd2 Re6 29. fxe5 fxe5 1-0

[Event "Skalica Schaeffler op"]
[Site "Skalica"]
[Date "2020.08.24"]
[Round "2"]
[White "Krakovsky, Peter"]
[Black "Smidova, Michaela"]
[Result "1-0"]
[WhiteElo "1636"]
[BlackElo "1466"]
[PlyCount "77"]
[EventDate "2020.08.23"]
[EventType "swiss"]
[EventRounds "9"]
[EventCountry "SVK"]
[SourceTitle "CBM 198 Extra"]
[Source "ChessBase"]
[SourceDate "2020.11.30"]
[SourceVersion "1"]
[SourceVersionDate "2020.11.30"]
[SourceQuality "1"]

1. c4 c5 2. Nc3 Nc6 3. g3 g6 4. Bg2 Bg7 5. Nf3 Nf6 6. 0-0 0-0 7. d3 a6 8. Rb1 Rb8 9. Bf4 d6 10. Qd2 e5 11. Bg5 Ne7 12. b4 Nd7 13. Nd5 f6 14. Nxe7+ Qxe7 15. Bh6 b5 16. bxc5 dxc5 17. Bxg7 Kxg7 18. cxb5 axb5 19. Qa5 b4 20. Nd2 Bb7 21. Bxb7 Rxb7 22. Rfc1 Rbb8 23. Qa4 Ra8 24. Qc2 Ra7 25. Rb2 Rc8 26. Rxb4 cxb4 27. Qxc8 Nb6 28. Qc6 Na4 29. Nb1 Kh6 30. Qe4 f5 31. Qe3+ Kg7 32. Rc8 Rc7 33. Ra8 Nc3 34. Nd2 Nd5 35. Qf3 Rc1+ 36. Kg2 Nc3 37. Rb8 e4 38. dxe4 fxe4 39. Qe3 1-0

[Event "Skalica Schaeffler op"]
[Site "Skalica"]
[Date "2020.08.23"]
[Round "1"]
[White "Smidova, Michaela"]
[Black "Kubis, Ivan"]
[Result "1-0"]
[WhiteElo "1466"]
[BlackElo "1877"]
[PlyCount "59"]
[EventDate "2020.08.23"]
[EventType "swiss"]
[EventRounds "9"]
[EventCountry "SVK"]
[SourceTitle "CBM 198 Extra"]
[Source "ChessBase"]
[SourceDate "2020.11.30"]
[SourceVersion "1"]
[SourceVersionDate "2020.11.30"]
[SourceQuality "1"]

1. e4 e5 2. Nf3 Nc6 3. Nc3 Nf6 4. Bb5 Bb4 5. d3 Qe7 6. 0-0 Bxc3 7. bxc3 0-0 8. Bg5 d6 9. Qe2 Nd8 10. Rfe1 Ne6 11. Bd2 Rd8 12. d4 Nf8 13. h3 a5 14. Nh2 Ng6 15. Rad1 h6 16. Rf1 c6 17. Bd3 Re8 18. Rde1 Nf4 19. Bxf4 exf4 20. Nf3 Bd7 21. e5 Nh5 22. Nh2 g6 23. Qf3 d5 24. c4 Be6 25. c5 Qg5 26. Ng4 Re7 27. g3 a4 28. Kg2 a3 29. Nh2 Ra4 30. h4 1-0

[Event "SVK-ch U16/20 Girls"]
[Site "Liptovsky Mikulas"]
[Date "2019.04.26"]
[Round "5"]
[White "Harajova, Karolina"]
[Black "Smidova, Michaela"]
[Result "1/2-1/2"]
[WhiteElo "1109"]
[BlackElo "1441"]
[PlyCount "100"]
[EventDate "2019.04.23"]
[EventType "swiss"]
[EventRounds "9"]
[EventCountry "SVK"]
[SourceTitle "CBM 190 Extra"]
[Source "ChessBase"]
[SourceDate "2019.07.15"]
[SourceVersion "1"]
[SourceVersionDate "2019.07.15"]
[SourceQuality "1"]

1. e4 e5 2. Nf3 Nc6 3. Bc4 Nf6 4. d3 Be7 5. c3 d6 6. h3 0-0 7. 0-0 Na5 8. Bb5 c6 9. Ba4 b5 10. Bc2 Qc7 11. Re1 h6 12. Nbd2 Be6 13. Nf1 Rfd8 14. Ng3 d5 15. Qe2 d4 16. Nf5 Bf8 17. cxd4 exd4 18. e5 Bxf5 19. exf6 gxf6 20. Nh4 Bd7 21. Qf3 Re8 22. Bf4 Qd8 23. Qg3+ Bg7 24. Bxh6 Rxe1+ 25. Rxe1 Qf8 26. b4 Nb7 27. Bb3 Kh8 28. Re7 Bxh6 29. Rxd7 Nd8 30. Nf5 Ne6 31. Nd6 Nd8 32. Qf3 Qg7 33. Ne8 Qg5 34. Rxd4 Ne6 35. Bxe6 Rxe8 36. Bxf7 Re1+ 37. Kh2 Qe5+ 38. g3 Qxd4 39. Qf5 Qd8 40. Qg6 Qf8 41. Qxf6+ Qg7 42. Qd8+ Kh7 43. Qd7 Re5 44. d4 Rd5 45. Qe8 Rxd4 46. h4 Rxb4 47. h5 Rg4 48. Qe6 Rg5 49. Qe4+ Kh8 50. Qe8+ Kh7 1/2-1/2